Estadísticas para Países de Europa en un minuto

Haz click aquí para tomar la prueba!

Estadísticas generales

  • Esta prueba ha sido tomada 4.087 veces
  • La puntuación promedio es 14 de 45

Estadísticas de respuestas

Respuesta% Correcto
España
90%
Francia
72%
Portugal
65%
Alemania
61%
Italia
50%
Rusia
46%
Suecia
42%
Andorra
40%
Irlanda
40%
Noruega
40%
Reino Unido
38%
Bélgica
36%
Estonia
36%
Finlandia
35%
Suiza
35%
Letonia
34%
Islandia
33%
Lituania
33%
Albania
31%
Grecia
30%
Polonia
30%
Austria
27%
Dinamarca
25%
Ucrania
25%
Mónaco
24%
Croacia
23%
Eslovaquia
23%
Eslovenia
23%
Luxemburgo
23%
Rumania
23%
Bulgaria
21%
Malta
21%
Países Bajos
21%
San Marino
21%
Ciudad del Vaticano
20%
Hungría
19%
Serbia
19%
Bielorrusia
17%
Montenegro
17%
República de Macedonia
16%
Kosovo
15%
Moldavia
14%
República Checa
11%
Liechtenstein
9%
Bosnia y Herzegovina
2%

Distribución de puntuación

Porcentaje por número respondido

Porcentaje de gente con cada puntuación

Historial de tus puntuaciones

No has tomado esta prueba